[Event "ch-UKR sf"]
[Site "Alushta UKR"]
[Date "2005.05.24"]
[Round "9"]
[White "Kovalenko,I"]
[Black "Boginin,O"]
[Result "1-0"]
[WhiteElo "2270"]
[BlackElo "2358"]

1.d4 g6 2.c4 Bg7 3.Nc3 d6 4.Nf3 Nd7 5.e4 e5 6.Be2 Ngf6 7.O-O O-O 8.Re1 c6
9.Bf1 a5 10.h3 Re8 11.dxe5 dxe5 12.Be3 Nh5 13.g3 Nf8 14.Qxd8 Rxd8 15.Rad1 Rxd1
16.Rxd1 Be6 17.Na4 b5 18.cxb5 cxb5 19.Bxb5 Bxh3 20.Rd6 Nf6 21.Nc3 Ng4 22.Bb6 h6
23.Rd8 Rxd8 24.Bxd8 Ne6 25.Bxa5 Nd4 26.Nxd4 exd4 27.Ne2 d3 28.Nf4  1-0

[Event "VII Open"]
[Site "Salou ESP"]
[Date "2005.05.25"]
[Round "6"]
[White "Vonthron,H"]
[Black "Nijboer,F"]
[Result "0-1"]
[WhiteElo "2329"]
[BlackElo "2553"]

1.Nf3 Nf6 2.d4 g6 3.c4 Bg7 4.Nc3 O-O 5.e4 d6 6.Be2 Na6 7.O-O e5 8.d5 Nc5
9.Qc2 a5 10.Ne1 Bd7 11.b3 c6 12.Be3 Ncxe4 13.Nxe4 Nxe4 14.Qxe4 Bf5 15.Qf3 e4
16.Qg3 Bxa1 17.Bf4 Be5 18.Bxe5 dxe5 19.Qxe5 Re8 20.Qd4 Rc8 21.d6 c5 22.Qc3 Qxd6
23.Nc2 Qe5 24.Qxa5 Ra8 25.Qb6 Rxa2 26.Bd1 Qe7 27.b4 Rb2 28.b5 Ra2 29.Ne3 Be6
30.Bb3 Rb2 31.Bd1 Ra8 32.Nd5 Bxd5 33.cxd5 Rd8 34.Bg4 Rxd5 35.Rd1 Kg7 36.h3 Qf6  0-1

[Event "VII Open"]
[Site "Salou ESP"]
[Date "2005.05.25"]
[Round "6"]
[White "Gonzalez Garcia,J"]
[Black "Hillarp Persson,T"]
[Result "0-1"]
[WhiteElo "2469"]
[BlackElo "2533"]

1.d4 Nf6 2.c4 g6 3.Nc3 Bg7 4.e4 d6 5.Nf3 O-O 6.Be2 e5 7.Be3 Ng4 8.Bg5 f6
9.Bc1 Nc6 10.d5 Ne7 11.h3 Nh6 12.h4 Nf7 13.h5 f5 14.hxg6 Nxg6 15.exf5 Bxf5
16.g3 c5 17.Be3 e4 18.Nd2 Bxc3 19.bxc3 Nge5 20.Qc2 Nd3+ 21.Bxd3 exd3 22.Qb3 Re8
23.Qxb7 Rb8 24.Qxa7 Rb2 25.Rh4 Qg5 26.O-O-O Rc2+ 27.Kb1 Qf6 28.Qb7 Qxc3  0-1

[Event "TCh-ARG Magistral AFA"]
[Site "Buenos Aires ARG"]
[Date "2005.05.26"]
[Round "2"]
[White "Grynszpan,M"]
[Black "Calderon Fernandez,G"]
[Result "1-0"]
[WhiteElo "2390"]
[BlackElo "2287"]

1.d4 Nf6 2.c4 g6 3.Nc3 Bg7 4.e4 d6 5.Be2 O-O 6.Nf3 e5 7.dxe5 dxe5 8.Qxd8 Rxd8
9.Bg5 Re8 10.Nd5 Nxd5 11.cxd5 c6 12.Bc4 cxd5 13.Bxd5 Nc6 14.O-O-O Bg4 15.Kb1 Nd4
16.Rd3 Be6 17.Bxb7 Rab8 18.Nxd4 exd4 19.Bc6 Bc4 20.Rd2 Rec8 21.Bf4 Rb6 22.Bd7 Rc5
23.b3 g5 24.Bg3 Rb7 25.Ba4 Bb5 26.Bxb5 Rcxb5 27.Rc1 h5 28.h4 gxh4 29.Bxh4 a5
30.Rc4 Ra7 31.Kc2 Rab7 32.Kd3 Rb4 33.Rdc2 R4b6 34.f3  1-0

[Event "69th ch-BUL"]
[Site "Pleven BUL"]
[Date "2005.05.26"]
[Round "4"]
[White "Nikolov,Sas"]
[Black "Bojkov,D"]
[Result "1-0"]
[WhiteElo "2394"]
[BlackElo "2509"]

1.d4 Nf6 2.c4 g6 3.Nc3 Bg7 4.e4 d6 5.Nf3 O-O 6.Be2 Na6 7.O-O e5 8.Be3 Ng4
9.Bg5 Qe8 10.Re1 exd4 11.Nxd4 Qe5 12.Nf3 Qc5 13.Bh4 Be6 14.Nd2 Ne5 15.Nd5 Qd4
16.Bg5 Bxd5 17.cxd5 Nc5 18.Be3 Qxb2 19.Rb1 Qxa2 20.Bxc5 dxc5 21.f4 Bh6 22.g3 b6
23.Nb3 c4 24.Nd4 c5 25.Nb5 a6 26.Nd6 Nd3 27.Bxd3 cxd3 28.Qxd3 b5 29.e5 Rfd8
30.Ne4 Bg7 31.d6 Rac8 32.Ra1 Qe6 33.Rxa6 c4 34.Qd4 h6 35.Rb6 Rb8 36.Rb1 Rxb6
37.Qxb6 Rc8 38.Qxb5 c3 39.Rc1 c2 40.Qd3 Qa2 41.Nc3 Qa7+ 42.Kg2 g5 43.Rxc2 Qb7+
44.Ne4 Rxc2+ 45.Qxc2 f5 46.exf6 Bxf6 47.Kh3  1-0

[Event "TCh-ROM A"]
[Site "Tusnad ROM"]
[Date "2005.05.26"]
[Round "6"]
[White "Nanu,C"]
[Black "Ionescu,D"]
[Result "1/2-1/2"]
[WhiteElo "2450"]
[BlackElo "2385"]

1.c4 Nf6 2.Nc3 g6 3.e4 d6 4.d4 Bg7 5.Nf3 O-O 6.Be2 e5 7.O-O exd4 8.Nxd4 Re8
9.f3 Nh5 10.g4 Nf6 11.g5 Nfd7 12.f4 Nc6 13.Be3 Nf8 14.Bf3 Bh3 15.Rf2 h6 16.gxh6 Bxh6
17.Bg2 Bxg2 18.Rxg2 Nxd4 19.Qxd4 Bg7 20.Qd2 Bxc3 21.Qxc3 Rxe4 22.f5 Qh4 23.Bg5 Qh5
24.fxg6 Nxg6 25.Rf1 Rg4 26.Qf6 Rxg2+ 27.Kxg2 Qg4+ 28.Kh1 Qe4+ 29.Kg1 Qg4+  1/2-1/2

[Event "TCh-ROM A"]
[Site "Tusnad ROM"]
[Date "2005.05.26"]
[Round "6"]
[White "Shishkin,Va UKR"]
[Black "Pavlov,Mirc"]
[Result "1-0"]
[WhiteElo "2519"]
[BlackElo "2364"]

1.d4 Nf6 2.c4 g6 3.Nc3 Bg7 4.e4 d6 5.Be2 O-O 6.Nf3 e5 7.Be3 Nbd7 8.O-O Re8
9.d5 Ng4 10.Bg5 f6 11.Bh4 g5 12.Bg3 Nh6 13.h4 Nf8 14.Qd2 g4 15.Nh2 f5 16.exf5 Bxf5
17.h5 Bf6 18.Rae1 Bg5 19.Qd1 Qd7 20.f3 gxf3 21.Bxf3 Qe7 22.Be4 Bc8 23.Bc2  1-0

[Event "69th ch-BUL"]
[Site "Pleven BUL"]
[Date "2005.05.27"]
[Round "5"]
[White "Petkov,V"]
[Black "Cheparinov,I"]
[Result "1-0"]
[WhiteElo "2463"]
[BlackElo "2621"]

1.d4 Nf6 2.c4 g6 3.Nc3 Bg7 4.e4 d6 5.Nf3 O-O 6.Be2 e5 7.O-O Na6 8.Be3 Ng4
9.Bg5 Qe8 10.h3 Nf6 11.dxe5 dxe5 12.Be3 b6 13.Qc2 Nb4 14.Qb1 c5 15.Nd5 Nbxd5
16.cxd5 Nh5 17.a4 Bd7 18.Qc2 f5 19.Rfe1 Nf6 20.exf5 gxf5 21.Bc4 Kh8 22.Ng5 Rg8
23.f4 e4 24.d6 h6 25.Nf7+ Kh7 26.Ne5 Be6 27.a5 Nd5 28.axb6 Bxe5 29.fxe5 axb6
30.Rxa8 Qxa8 31.Qb3 f4 32.Bf2 e3 33.Qc2+ Kh8 34.Bh4 f3 35.Bxd5 f2+ 36.Kh2 Qf8
37.Bxe6 Qf4+ 38.Kh1 fxe1=Q+ 39.Bxe1 Rf8 40.Bc4 b5 41.Bxb5  1-0

[Event "TCh-IRI"]
[Site "Tehran IRI"]
[Date "2005.05.27"]
[Round "2"]
[White "Mohandesi,S"]
[Black "Badjarani,I"]
[Result "0-1"]
[WhiteElo "2328"]
[BlackElo "2322"]

1.d4 Nf6 2.Nf3 g6 3.c4 Bg7 4.Nc3 O-O 5.e4 d6 6.Be2 e5 7.O-O exd4 8.Nxd4 Re8
9.f3 Nc6 10.Be3 Nh5 11.Nxc6 bxc6 12.Bd4 Nf4 13.Bxg7 Kxg7 14.Qd4+ Qf6 15.Qxf6+ Kxf6
16.Rfc1 Rb8 17.Rc2 Kg7 18.Bf1 f5 19.g3 Ne6 20.Rd2 Ng5 21.Bg2 fxe4 22.fxe4 Bh3
23.Bh1 Re5 24.Re1 Rbe8 25.Re3 Bf5 26.Rde2 Bg4 27.Rd2 Rf8 28.Bg2 Nh3+ 29.Bxh3 Bxh3
30.Rf2 Rfe8 31.Rfe2 a5 32.Re1 g5 33.Nd1 a4 34.Nc3 Ra8 35.Nd1 Be6 36.Rc3 Bf5
37.Rce3 Bg6 38.Kg2 Rb8 39.b3 axb3 40.axb3 Ra8 41.Nf2 Rae8 42.Kf3 Ra5 43.g4 Ra2
44.R1e2 Ra1 45.e5 Rg1 46.Re1 Rxe1 47.Rxe1 dxe5 48.Rd1 Rb8 49.Rd7+ Kf8 50.Rxc7 Rxb3+
51.Ke2 Rb2+ 52.Ke3 Rb6 53.Kd2 Ra6 54.Ke3 Ke8 55.Rb7 Ra3+ 56.Kd2 Rf3 57.Ke2 Rf4
58.Rb4 Bf7 59.Rb8+ Ke7 60.Rb7+ Kd8 61.Ke3 Bg6 62.Rb4 Kc7 63.h3 Kd6 64.Ra4 Bc2
65.Rb4 Kc5 66.Rb7 Kxc4 67.Re7 Kd5 68.Rg7 Bg6 69.Ke2 Ra4 70.Nd1 Ra3 71.Ne3+ Ke4
72.Nd1 Ra2+ 73.Ke1 Kf3 74.Rd7 Re2+ 75.Kf1 Rh2 76.Kg1 Rc2 77.Kf1 Rc1 78.Ke1 Bc2
79.Rf7+ Kg3 80.Kd2 Rxd1+ 81.Kxc2 Rh1 82.Rxh7 Rxh3 83.Re7 Kf4 84.Re6 c5 85.Rc6 Kxg4
86.Rxc5 Kf4 87.Kd2 g4 88.Ke2 Rh2+ 89.Kf1 e4 90.Rc3 Rd2 91.Rc8 Rd5 92.Ke2 g3
93.Rf8+ Kg4 94.Re8 Kh3 95.Rh8+ Kg2 96.Re8 Kh2 97.Rh8+ Kg1 98.Rh4 g2 99.Rh8 Rf5
100.Rh7 Rf2+ 101.Ke1 e3 102.Rh8 e2 103.Rh7 Rf1+ 104.Kxe2 Rf8 105.Rg7 Rh8  0-1

[Event "TCh-ROM A"]
[Site "Tusnad ROM"]
[Date "2005.05.29"]
[Round "9"]
[White "Grunberg,M"]
[Black "Butunoi,A"]
[Result "1/2-1/2"]
[WhiteElo "2421"]
[BlackElo "2395"]

1.d4 Nf6 2.c4 g6 3.Nc3 Bg7 4.e4 d6 5.Nf3 O-O 6.Be2 Na6 7.O-O e5 8.d5 Nc5
9.Qc2 a5 10.Be3 b6 11.a3 Ng4  1/2-1/2

[Event "14th CRO-Cup"]
[Site "Sibenik CRO"]
[Date "2005.05.30"]
[Round "1"]
[White "Solak,D"]
[Black "Ramesa,D"]
[Result "1-0"]
[WhiteElo "2582"]
[BlackElo "2163"]

1.d4 Nf6 2.c4 g6 3.Nc3 Bg7 4.e4 d6 5.Nf3 O-O 6.Be2 e5 7.Be3 h6 8.O-O Na6
9.Rb1 Ng4 10.Bc1 f5 11.h3 exd4 12.Nxd4 Ne5 13.exf5 gxf5 14.Nd5 Nc5 15.Nf4 a5
16.Nh5 Bd7 17.b3 Qh4 18.Nxg7 Kxg7 19.Nf3 Qe7 20.Re1 Kh7 21.Bb2 Bc6 22.Nxe5 dxe5
23.Bf1 Be4 24.Ra1 Rad8 25.Qh5 Rg8 26.g3 Nd3 27.Bxd3 Rxd3 28.Rxe4 fxe4 29.Qf5+ Rg6
30.Qxe4 Qd7 31.Qxe5 Rgd6 32.Qh8+ Kg6 33.Qg8+ Kh5 34.Re1 Rd1 35.Rxd1 Rxd1+
36.Kh2 Rd6 37.g4+  1-0

[Event "TCh-ARG Magistral AFA"]
[Site "Buenos Aires ARG"]
[Date "2005.05.31"]
[Round "3"]
[White "Calderon Fernandez,G"]
[Black "Della Morte,P"]
[Result "1-0"]
[WhiteElo "2287"]
[BlackElo "2285"]

1.d4 Nf6 2.Nf3 g6 3.c4 Bg7 4.Nc3 O-O 5.e4 d6 6.Be2 e5 7.dxe5 dxe5 8.Qxd8 Rxd8
9.Bg5 Na6 10.Nxe5 Re8 11.O-O-O h6 12.Bxf6 Bxf6 13.Nd7 Bxc3 14.bxc3 Kg7 15.Rd4 Bxd7
16.Rxd7 Nc5 17.Rxc7 Nxe4 18.Bf3 Nxf2 19.Rf1 Nd3+ 20.Kd2 Ne5 21.Bd5 Kh8 22.Kc2 f5
23.Rb1 Rac8 24.Rbxb7 Rxc7 25.Rxc7 a5 26.Ra7 Rc8 27.Rxa5 Nxc4 28.Ra8 Rxa8
29.Bxa8 Kg7 30.Kd3 Nb6 31.Bc6 Kf6 32.c4 Ke5 33.c5 Nc8 34.Bb7 Na7 35.Kc4 g5
36.Kb4 Ke6 37.Ka5 Kd7 38.Kb6 Nc8+ 39.Bxc8+ Kxc8 40.a4 f4 41.a5 g4 42.a6 Kb8
43.a7+ Ka8 44.c6  1-0

[Event "14th CRO-Cup"]
[Site "Sibenik CRO"]
[Date "2005.05.31"]
[Round "2"]
[White "Jankovic,A"]
[Black "Kozul,Z"]
[Result "1/2-1/2"]
[WhiteElo "2480"]
[BlackElo "2591"]

1.d4 Nf6 2.c4 g6 3.Nc3 Bg7 4.e4 d6 5.Nf3 O-O 6.Be2 e5 7.O-O Nbd7 8.Re1 h6
9.Qc2 Nh7 10.dxe5 dxe5 11.Be3 c6 12.Qc1 h5 13.c5 f5 14.exf5 gxf5 15.Ng5 f4
16.Bc4+ Kh8 17.Ne6 fxe3 18.Nxd8 exf2+ 19.Kh1 fxe1=Q+ 20.Qxe1 Rxd8 21.Ne4 Rf8
22.Qh4 Ndf6 23.Nd6 Bd7 24.Nf7+ Rxf7 25.Bxf7 Be8 26.Bb3 e4 27.Re1 Rd8 28.Rxe4 Rd2
29.Re1 Bg6 30.h3 Rxb2 31.Qf4 a5 32.Qb8+ Nf8 33.Qf4 Nd5 34.Qd6 Bf7 35.Rf1 Kg8
36.Qd8 a4 37.Bxa4 Rxa2 38.Bb3 Rb2 39.Bc4 Rc2 40.Qh4 Bg6 41.Rd1 Bf7 42.Qe4 Rxc4
43.Qxc4 Ne3 44.Qe2 Nxd1 45.Qxd1 Ne6 46.Qd6 Bf8 47.Qg3+ Ng7 48.Qe3 Bd5 49.Qc3 Be7
50.Qb2 Bxc5 51.Qxb7 h4 52.Qd7 Bf2 53.Qd8+ Kh7 54.Qg5 Bg3 55.Kg1 Ne6 56.Qf6 Nf4
57.Qg5 Nxg2 58.Qe7+ Kg6 59.Qe8+ Kf5 60.Qf8+ Ke5 61.Qe7+ Kd4 62.Qb4+ Kd3 63.Qa3+ Kc2
64.Qa4+ Kd2 65.Qd4+ Ke2 66.Qb2+ Kd3 67.Qa3+ Kc4 68.Qa4+ Kc5 69.Qa5+ Kd6 70.Qd8+ Ke6
71.Qe8+ Kf5 72.Qf8+ Ke5 73.Qe7+ Kd4 74.Qb4+ Kd3 75.Qa3+ Ke2 76.Qb2+  1/2-1/2

[Event "14th CRO-Cup"]
[Site "Sibenik CRO"]
[Date "2005.05.31"]
[Round "2"]
[White "Ramesa,D"]
[Black "Horvat,Sa"]
[Result "1-0"]
[WhiteElo "2163"]
[BlackElo "2153"]

1.c4 Nf6 2.Nc3 g6 3.e4 d6 4.d4 Bg7 5.Nf3 O-O 6.Be2 e5 7.Be3 h6 8.O-O Ng4
9.Bc1 Nc6 10.d5 Ne7 11.Ne1 f5 12.Bxg4 fxg4 13.Be3 g5 14.c5 Ng6 15.Rc1 Qe8
16.a4 a6 17.a5 Nf4 18.c6 bxc6 19.dxc6 Be6 20.Nd5 Qf7 21.Bxf4 exf4 22.b4 Rab8
23.Nc2 Rb5 24.Na3 Rxd5 25.exd5 Bxd5 26.Qxg4 f3 27.g3 Be6 28.Qe4 d5 29.Qe3 Bh3
30.Rfe1 d4 31.Qd3 Qh5 32.Re7 Bf5 33.Rxg7+ Kxg7 34.Qxd4+ Kh7 35.Nc2 Re8 36.h4 gxh4
37.Qxh4 Qxh4 38.gxh4 Rg8+ 39.Kf1 Bh3+ 40.Ke1 Rg1+ 41.Kd2 Rg2 42.Ke3 Bg4 43.b5 Bc8  1-0

[Event "14th CRO-Cup"]
[Site "Sibenik CRO"]
[Date "2005.05.31"]
[Round "3"]
[White "Saric,A"]
[Black "Ramesa,D"]
[Result "0-1"]
[WhiteElo "2472"]
[BlackElo "2163"]

1.d4 Nf6 2.c4 g6 3.Nc3 Bg7 4.e4 d6 5.Nf3 O-O 6.Be2 e5 7.O-O Na6 8.Re1 c6
9.Bf1 Bg4 10.d5 c5 11.h3 Bd7 12.Bg5 h6 13.Be3 Ne8 14.Qd2 Kh7 15.Nh2 f5 16.exf5 gxf5
17.f4 Nf6 18.Be2 Ne4 19.Nxe4 fxe4 20.Bg4 Nb4 21.fxe5 Nd3 22.Bxd7 Nxe1 23.Rxe1 Qxd7
24.e6 Qe8 25.Qc2 Qg6 26.Ng4 Rf5 27.Bf2 h5 28.Ne3 Rf4 29.Nd1 Rg8 30.Be3 Bd4
31.Qe2 Qf5 32.Nf2 Qe5 33.Nd1 Qf5 34.Nf2 Rf3 35.Nd1 Rfg3 36.Rf1 Rxg2+ 37.Qxg2 Rxg2+
38.Kxg2 Qg6+ 39.Kf2 Be5 40.Ke2 Qg2+ 41.Rf2 Qxh3 42.Kd2 Kg6 43.Rf8 Bf6 44.Nf2 Qh2
45.Rg8+ Kh7 46.Rb8 b6 47.Ke2 Qe5 48.b3 Kg6 49.Rg8+ Bg7 50.Bd2 Kh7 51.Ra8 Bf6
52.Rxa7+ Kg6 53.Ra8 Qf5 54.Rg8+ Kh7 55.Rg3 Bh4 56.e7 Bxg3  0-1

[Event "69th ch-BUL"]
[Site "Pleven BUL"]
[Date "2005.06.01"]
[Round "11"]
[White "Petkov,V"]
[Black "Bojkov,D"]
[Result "0-1"]
[WhiteElo "2463"]
[BlackElo "2509"]

1.d4 Nf6 2.c4 g6 3.Nc3 Bg7 4.e4 d6 5.Nf3 O-O 6.Be2 Na6 7.O-O e5 8.Re1 c6
9.Bf1 exd4 10.Nxd4 Re8 11.f3 Nc5 12.Be3 a5 13.Qd2 a4 14.Rad1 Nfd7 15.Kh1 Qb6
16.Nde2 Bf8 17.Nc1 Qb4 18.Qc2 Ne5 19.Bd2 Qb6 20.b4 axb3 21.axb3 Bg7 22.Be3 Qb4
23.N3a2 Qa3 24.b4 Nb3 25.Qxb3 Qxb3 26.Nxb3 Rxa2 27.Na5 Rb2 28.b5 Ra2 29.Nb3 Be6
30.bxc6 bxc6 31.Nd4 Bxc4 32.Bxc4 Nxc4 33.Bg1 Rc8 34.f4 Bh6 35.g3 Bf8 36.Rc1 Na5
37.Ra1 Rxa1 38.Rxa1 Nc4 39.Ra6 c5 40.Nb5 Nd2 41.e5 dxe5 42.fxe5 Re8 43.Nd6 Rxe5
44.Ra8 Nf3 45.Bf2 Ng5 46.Kg2 f5 47.h3 Rd5 48.Nc4 Ne4 49.Be3 g5 50.Kf3 h6
51.g4 Nf6 52.Nb6 Re5 53.Rc8 Kf7 54.Rc7+ Be7 55.Nc8 Rxe3+  0-1

[Event "14th CRO-Cup"]
[Site "Sibenik CRO"]
[Date "2005.06.02"]
[Round "6"]
[White "Bilobrk,F"]
[Black "Kozul,Z"]
[Result "0-1"]
[WhiteElo "2403"]
[BlackElo "2591"]

1.d4 Nf6 2.c4 g6 3.Nc3 Bg7 4.Nf3 O-O 5.e4 d6 6.Be2 e5 7.O-O Na6 8.Re1 c6
9.Bf1 Bg4 10.d5 Nb4 11.Be2 a5 12.h3 Bd7 13.Bg5 Na6 14.Qd2 Nc5 15.Bf1 cxd5
16.Bxf6 Bxf6 17.Nxd5 Bc6 18.Rad1 Bxd5 19.Qxd5 Be7 20.Qd2 Qb6 21.Qc2 Kh8 22.Rd5 f5
23.Bd3 fxe4 24.Bxe4 Rf4 25.Rd2 Raf8 26.Bd5 Bd8 27.Re3 Qc7 28.g3 R4f5 29.h4 Qg7
30.Be4 R5f6 31.Bd5 Bb6 32.Kg2 h6 33.h5 Na6 34.Rb3 Nb4 35.Qe4 gxh5 36.a3 Rf4
37.axb4 Rxe4 38.Bxe4 Qg4 39.Rxd6 Qxe4 40.Rxh6+ Kg8 41.Rxb6 Qc2 42.Rc3 Qxb2
43.Re3 a4 44.Rxe5 Rf7 45.Rg6+ Kf8 46.Rge6 a3 47.Re2 Qxb4 48.Ne5 Rf5 49.Re8+ Kg7
50.f4 Rf8 51.Re6 Qb1 52.Rd2 a2 53.Rd7+ Kg8 54.Rg6+ Qxg6 55.Nxg6 a1=Q 56.Ne7+ Kf7
57.Nd5+ Ke6 58.Rxb7 Kd6 59.Rh7 Qd1 60.Rh6+ Kc5  0-1

[Event "TCh-BIH Prem w"]
[Site "Neum BIH"]
[Date "2005.06.06"]
[Round "3"]
[White "Todorovic,V"]
[Black "Stevandic,D"]
[Result "1-0"]
[WhiteElo "2109"]
[BlackElo "2079"]

1.Nf3 Nf6 2.c4 g6 3.Nc3 Bg7 4.e4 d6 5.d4 Nbd7 6.Be2 O-O 7.O-O e5 8.Be3 Ng4
9.Bg5 f6 10.Bc1 f5 11.h3 Ngf6 12.Ng5 Qe7 13.Nb5 Nb8 14.dxe5 dxe5 15.c5 Nc6
16.Nc3 h6 17.Nf3 Be6 18.exf5 gxf5 19.Nh4 Qxc5 20.Be3 Nd4 21.f4 Nxe2+ 22.Qxe2 Qc4
23.Ng6 exf4 24.Qxc4 Bxc4 25.Rxf4 Be6 26.Nxf8 Rxf8 27.Re1 Kf7 28.Rh4 Ng8 29.Bd4 Nf6
30.a3 b6 31.Nb5 c5 32.Nd6+ Kg8 33.Bc3 Bd5 34.Re7 Ne8 35.Bxg7 Nxg7 36.Rxh6 f4
37.Rg6  1-0

[Event "FSGM June"]
[Site "Budapest HUN"]
[Date "2005.06.07"]
[Round "4"]
[White "Farago,I"]
[Black "Stupavski,Z"]
[Result "1/2-1/2"]
[WhiteElo "2476"]
[BlackElo "2333"]

1.d4 Nf6 2.c4 g6 3.Nc3 Bg7 4.e4 d6 5.Be2 O-O 6.Nf3 e5 7.O-O exd4 8.Nxd4 Re8
9.f3 Nc6 10.Be3 Nh5 11.Qd2 f5 12.Nxc6 bxc6 13.c5 d5 14.Bg5 Qd7 15.exf5 gxf5
16.Rfe1 Qf7 17.Bf1 Bd7 18.Bh6 Be5 19.Be3 Qg7 20.f4 Bf6 21.Bf2 Rxe1 22.Rxe1 Re8
23.Be2 Qf7 24.Bd4 Ng7 25.Bxf6 Qxf6 26.g3 a5 27.Kf1 Kf8 28.Rd1 Qe7 29.Qd4 Kg8
30.Qf2 Rb8 31.Bd3 Qf6 32.Re1 Re8 33.Rxe8+ Bxe8 34.Qc2 Bh5 35.Qa4 Bg4 36.Qxa5 Qd4
37.Be2 Bh3+ 38.Ke1 Qg1+ 39.Kd2 d4 40.Bc4+ Kf8 41.Ne2 Qe3+ 42.Kc2 Bg2 43.Qxc7 Bd5
44.Bd3 Be4  1/2-1/2

[Event "TCh-BIH Prem"]
[Site "Neum BIH"]
[Date "2005.06.07"]
[Round "4"]
[White "Saric,A"]
[Black "Ilincic,Z"]
[Result "0-1"]
[WhiteElo "2472"]
[BlackElo "2473"]

1.Nf3 Nf6 2.c4 g6 3.Nc3 Bg7 4.e4 d6 5.d4 O-O 6.Be2 e5 7.O-O Nh5 8.Bg5 f6
9.Be3 Nc6 10.d5 Ne7 11.g3 f5 12.exf5 gxf5 13.Nh4 Nf6 14.f4 e4 15.Qd2 c5 16.Rab1 a5
17.b3 Ng4 18.Bxg4 fxg4 19.Rbe1 Nf5 20.Nxf5 Bxf5 21.Bf2 Re8 22.a4 Qf6 23.Nd1 h5
24.Ne3 Bd7 25.Rc1 Ra6 26.Qc2 Qb2 27.Qxb2 Bxb2 28.Rb1 Bd4 29.Rfe1 Rb6 30.Nc2 Bc3
31.Red1 Bf6 32.Kf1 Kf7 33.Ke2 e3 34.Be1 Bf5 35.Rdc1 Ra6 36.Nxe3 Bd4 37.Bd2 Raa8
38.Re1 Bxb1 39.Rxb1 Rxe3+ 40.Bxe3 Re8  0-1

[Event "Berman Hillman"]
[Site "Santa Cruz BOL"]
[Date "2005.06.10"]
[Round "6"]
[White "Robles,G"]
[Black "Vera,K"]
[Result "0-1"]
[WhiteElo "2057"]
[BlackElo "2270"]

1.d4 Nf6 2.Nf3 g6 3.c4 Bg7 4.Nc3 O-O 5.e4 d6 6.Be2 e5 7.dxe5 dxe5 8.Qc2 c6
9.O-O Qe7 10.h3 Na6 11.Be3 Nh5 12.Rfd1 Nf4 13.Bf1 f5 14.Bxf4 exf4 15.exf5 Bxf5
16.Qc1 Rad8 17.Rxd8 Qxd8 18.Qe1 Re8 19.Rd1 Qb8 20.Qd2 Nc5 21.b4 Ne4 22.Nxe4 Bxe4
23.Ng5 h6 24.Nxe4 Rxe4 25.Qc2 Qe5 26.Bd3 Re1+ 27.Rxe1 Qxe1+ 28.Kh2 Bd4 29.Qe2 Qxe2
30.Bxe2 Bxf2 31.Bf3 Kf7 32.b5 Ke7 33.bxc6 b6 34.Kh1 Kd6 35.Kh2 Bd4 36.Kh1 Be5
37.c7 Kxc7 38.Kg1 Kd6 39.Kf1 Kc5 40.Bd5 g5 41.Bf7 Kb4 42.Ke2 Ka3 43.Kd3 Kxa2
44.c5+ Ka3 45.cxb6 axb6 46.Kc4 Kb2 47.Bh5 Kc2 48.Be8 Kd2 49.Kd5 Bf6 50.Ke6 Bd4
51.Kf5 Bf2 52.Bb5 Kc3 53.Ke4 Kb4 54.Be2 Kc5 55.Kd3 b5 56.Kc3 Be1+ 57.Kb3 b4
58.Kc2 Kd4 59.Bf3 Ke3 60.Bd5 Kf2 61.Bc6 Bc3 62.Bd5 Be5 63.Kb3 Bd6 64.Kc2 h5
65.Bc6 g4 66.hxg4 hxg4 67.Kb3 f3 68.gxf3 gxf3 69.Kc2 Ke2 70.Bb5+ Ke1  0-1

[Event "TCh-IRI"]
[Site "Tehran IRI"]
[Date "2005.06.10"]
[Round "5"]
[White "Salehzadeh,M"]
[Black "Agamaliev,G"]
[Result "0-1"]
[WhiteElo "2166"]
[BlackElo "2512"]

1.Nf3 Nf6 2.c4 g6 3.Nc3 Bg7 4.e4 d6 5.d4 O-O 6.Be2 Na6 7.O-O e5 8.dxe5 dxe5
9.Qxd8 Rxd8 10.Bg5 Re8 11.Nd2 c6 12.a3 Nc5 13.b4 Ne6 14.Bxf6 Bxf6 15.c5 Nd4
16.Nc4 Be6 17.Nd6 Reb8 18.Bc4 Bxc4 19.Nxc4 b5 20.cxb6 axb6 21.b5 cxb5 22.Nd5 bxc4
23.Nxf6+ Kg7 24.Nd7 Rb7 25.Nxe5 b5 26.Rfb1 Rba7 27.Nf3 Nb3  0-1

[Event "III Open"]
[Site "Bajada de la Virgen ESP"]
[Date "2005.06.14"]
[Round "2"]
[White "Amil Serantes,J"]
[Black "Hernandez Leon,A"]
[Result "0-1"]
[WhiteElo "2198"]
[BlackElo "2033"]

1.d4 Nf6 2.Nf3 g6 3.c4 Bg7 4.Nc3 O-O 5.e4 d6 6.Be2 Nbd7 7.O-O e5 8.d5 Nc5
9.Qc2 a5 10.b3 Ne8 11.Ne1 f5 12.f3 f4 13.a3 h5 14.Bd2 g5 15.Qd1 Nf6 16.Rb1 g4
17.b4 Na6 18.Nd3 g3 19.hxg3 fxg3 20.Bg5 Bh6 21.Qd2 Nh7 22.f4 Nxg5 23.fxg5 Rxf1+
24.Kxf1 Bxg5 25.Qd1 Qf6+ 26.Bf3 Bg4 27.Ne1 Rf8 28.Ke2 Qf4 29.Qd3 h4 30.Nd1 h3
31.gxh3 g2  0-1

[Event "Open"]
[Site "Mielo POL"]
[Date "2005.06.14"]
[Round "5"]
[White "Shishkin,Va UKR"]
[Black "Szczepinski,M"]
[Result "0-1"]
[WhiteElo "2519"]
[BlackElo "2219"]

1.d4 Nf6 2.c4 g6 3.Nc3 Bg7 4.e4 d6 5.Be2 O-O 6.Nf3 e5 7.Be3 Ng4 8.Bg5 f6
9.Bh4 Nc6 10.d5 Ne7 11.Nd2 Nh6 12.f3 g5 13.Bf2 f5 14.c5 Ng6 15.g3 fxe4 16.fxe4 Bh3
17.Be3 g4 18.Bf1 Qd7 19.Qe2 Bxf1 20.Rxf1 Rxf1+ 21.Nxf1 Nf7 22.Qb5 c6 23.Qa4 dxc5
24.dxc6 bxc6 25.Rd1 Qe6 26.Nd2 Nf8 27.Nb3 Bh6 28.Nxc5 Qf6 29.Bxh6 Qxh6 30.Qb3 Qe3+  0-1

[Event "St Petersburg vs Moscow"]
[Site "St Petersburg RUS"]
[Date "2005.06.15"]
[Round "2"]
[White "Savina,A"]
[Black "Korchagina,V"]
[Result "1-0"]
[WhiteElo "1984"]
[BlackElo "1974"]

1.d4 Nf6 2.c4 g6 3.Nc3 Bg7 4.e4 d6 5.Nf3 O-O 6.Be2 e5 7.Be3 Ng4 8.Bg5 f6
9.Bh4 Nc6 10.d5 Ne7 11.Nd2 Nh6 12.f3 f5 13.Bf2 Nf7 14.c5 f4 15.Nc4 g5 16.a4 Ng6
17.cxd6 cxd6 18.Nb5 b6 19.Qb3 Nh4 20.Rg1 g4 21.a5 g3 22.hxg3 fxg3 23.Be3 bxa5
24.Nxa5 a6 25.Na7 Bd7 26.N5c6 Qf6 27.Qb7 Bxc6 28.dxc6 Rab8 29.Qxa6 d5 30.c7 Ra8
31.Qxf6 Bxf6 32.exd5 Nd6 33.Ba6 Nhf5 34.Bc5 Bg5 35.Ke2 Be7 36.Bxd6 Nxd6 37.c8=Q Nxc8
38.Nxc8 Rfxc8 39.Bxc8 Rxc8 40.Rgc1 Rb8 41.Rc2 Rb5 42.Ra8+ Kf7 43.Ra7 Ke8
44.Rc8+ Bd8 45.d6 Rd5 46.Re7+  1-0

[Event "Open"]
[Site "Voronezh RUS"]
[Date "2005.06.17"]
[Round "5"]
[White "Chukhno,I"]
[Black "Lahiri,A"]
[Result "0-1"]
[WhiteElo "2292"]
[BlackElo "2355"]

1.Nf3 Nf6 2.c4 g6 3.Nc3 Bg7 4.e4 d6 5.d4 O-O 6.Be2 e5 7.Be3 Ng4 8.Bg5 f6
9.Bh4 g5 10.Bg3 Nh6 11.h3 exd4 12.Nxd4 Nc6 13.Nxc6 bxc6 14.c5 f5 15.cxd6 f4
16.Qb3+ Nf7 17.dxc7 Qxc7 18.Bh2 Rb8 19.Qc2 Qb6 20.Rb1 Ne5 21.f3 Be6 22.b3 Nc4
23.Bxc4 Bxc4 24.Ne2 Ba6 25.Bg1 Qb5 26.a4 Qb4+ 27.Qd2 Qxd2+ 28.Kxd2 Rfd8+
29.Ke1 Bd3 30.Rc1 Rxb3 31.Bxa7 Rb2 32.Ng1 Bf8 33.Bc5 Bxc5 34.Rxc5 Ba6  0-1

[Event "White Nights"]
[Site "St Petersburg RUS"]
[Date "2005.06.18"]
[Round "1"]
[White "Lyubimtsev,A"]
[Black "Utkin,Alek"]
[Result "0-1"]
[WhiteElo "2102"]
[BlackElo "2387"]

1.e4 g6 2.Nf3 Bg7 3.d4 d6 4.c4 Nf6 5.Nc3 O-O 6.Be2 Nbd7 7.O-O e5 8.dxe5 dxe5
9.Bg5 h6 10.Bh4 Re8 11.Qc2 c6 12.Rad1 Qe7 13.Rd2 g5 14.Bg3 Nh5 15.Rfd1 Nf4
16.Bf1 Nf8 17.Ne1 N8e6 18.f3 Nd4 19.Qc1 Be6 20.Bf2 Rad8 21.Nc2 Kh7 22.Nxd4 exd4
23.Bxd4 Bxd4+ 24.Rxd4 Rxd4 25.Rxd4 Qc5 26.Qe3 Rd8 27.Nd5 cxd5 28.Qf2 dxe4
29.Rxd8 e3 30.Qc2+ Bf5 31.Rd5 Qxd5  0-1

[Event "Open"]
[Site "Voronezh RUS"]
[Date "2005.06.19"]
[Round "7"]
[White "Burmakin,V"]
[Black "Harutjunyan,G"]
[Result "1-0"]
[WhiteElo "2552"]
[BlackElo "2392"]

1.d4 Nf6 2.c4 g6 3.Nc3 Bg7 4.e4 d6 5.Nf3 O-O 6.Be2 Na6 7.O-O e5 8.Be3 c6
9.h3 exd4 10.Bxd4 Re8 11.Bd3 Nc5 12.Re1 Ne6 13.Be3 Nh5 14.Qd2 Qf6 15.Bf1 Nhf4
16.Nh2 h5 17.g3 g5 18.h4 Bh6 19.hxg5 Bxg5 20.gxf4 Bxf4 21.Bxf4 Nxf4 22.Re3 Kh7
23.Rf3 Rg8+ 24.Kh1 Qg6 25.Rg3 Qf6 26.Rxg8 Kxg8 27.Re1 Bg4 28.f3 Be6 29.Ne2 Ng6
30.b3 Qh4 31.Rd1 Rd8 32.Qe3 Kh7 33.Kg2 a5 34.Re1 d5 35.cxd5 cxd5 36.Nd4 dxe4
37.Nxe6 fxe6 38.Qxe4 Qxe4 39.fxe4  1-0

[Event "III Summer"]
[Site "Alushta UKR"]
[Date "2005.06.20"]
[Round "4"]
[White "Kuzmin,Ge"]
[Black "Annaberdiev,Bab"]
[Result "1-0"]
[WhiteElo "2510"]
[BlackElo "2285"]

1.d4 Nf6 2.c4 g6 3.Nc3 Bg7 4.e4 d6 5.Be2 O-O 6.Nf3 e5 7.d5 a5 8.O-O Na6 9.Ne1 Nc5
10.Bf3 Ne8 11.Nd3 b6 12.Nxc5 bxc5 13.a4 f5 14.Ra3 Nf6 15.Bd2 fxe4 16.Nxe4 Nxe4
17.Bxe4 Qh4 18.f3 Bh6 19.Qe1 Qxe1 20.Bxe1 Bd7 21.Kf2 Kf7 22.Ke2 Rfb8 23.Bc3 Ke7
24.Kd3 Rf8 25.Rfa1 Kd8 26.Kc2 Kc8 27.Rh1 Bf5 28.Bxf5+ gxf5 29.Rb3 e4 30.Rb5 Rg8
31.g3 Kd7 32.Rf1 exf3 33.Rxf3 Rgf8 34.Rxa5 Rae8 35.Kd3 f4 36.gxf4 Bxf4 37.Rb5 h6
38.h3 Bg5 39.Rxf8 Rxf8 40.a5 Ra8 41.Rb3 Bc1 42.Ra3 Ra6 43.Ke4 Kc8 44.h4 h5
45.Ra1 Bh6 46.Rf1 Kb7 47.Rf5 Ra8 48.Rxh5 Re8+ 49.Kd3 Bf4 50.Rf5 Re3+ 51.Kc2 Re2+
52.Kb3 Bd2 53.Bxd2 Rxd2 54.Rf7 Rd3+ 55.Ka4 Rd2 56.b3 Ka6 57.Ka3 Rh2 58.Rxc7 Rxh4
59.Rc6+ Kxa5 60.Rxd6 Rh2 61.Rc6  1-0

[Event "White Nights"]
[Site "St Petersburg RUS"]
[Date "2005.06.21"]
[Round "4"]
[White "Hort,Ar"]
[Black "Fedoseev,S"]
[Result "0-1"]
[WhiteElo "2125"]
[BlackElo "2302"]

1.d4 Nf6 2.c4 d6 3.Nc3 Nbd7 4.Nf3 e5 5.e4 g6 6.Be2 Bg7 7.O-O O-O 8.Re1 exd4
9.Nxd4 Re8 10.Bf1 Nc5 11.f3 a5 12.Be3 Nh5 13.Qd2 Be5 14.g3 Ng7 15.Rad1 Bd7
16.Bg2 c6 17.Nde2 Be6 18.b3 f5 19.exf5 Nxf5 20.Bf2 Qf6 21.f4 Bxc3 22.Nxc3 Rad8
23.Qc2 Bf7 24.Rxe8+ Rxe8 25.Qd2 h5 26.Bh3 Re6 27.Bg2 Qe7 28.Bxc5 dxc5 29.Qd8+ Kg7
30.Qxe7 Rxe7 31.Kf2 Nd4 32.Rd2 b5 33.cxb5 cxb5 34.Ne4 Rc7 35.Kf1 Nf5 36.Ke2 c4
37.bxc4 Rxc4 38.h3 Ra4 39.Nc3 Ra3 40.Nxb5 Bc4+  0-1